3-Letter Animals - Picture Quiz - Statistics

General Stats
  • This quiz has been taken 894 times
  • The average score is 13 of 15
Answer Stats
Picture Answer % Correct
Cow
100%
Ant
99%
Cat
99%
Dog
99%
Pig
99%
Bat
97%
Owl
96%
Fox
95%
Rat
93%
Emu
84%
Hen
80%
Ram
72%
Elk
70%
Ass
68%
Yak
67%
No matching quizzes found
Score Distribution
Percent of People with Each Score
Percentile by Number Answered
Your Score History
You have not taken this quiz